[Event "DEM U8 2024"]
[Site "Willingen GER"]
[Date "2024.05.23"]
[Round "3"]
[White "Hadelich, Taron"]
[Black "Guliyev, Kamran"]
[Result "0-1"]
[Termination "normal"]
[Board "23"]
[WhiteElo "785"]
[BlackElo "1106"]
[WhiteClock "00:35:40"]
[BlackClock "00:51:20"]
[PlyCount "107"]
[BlackFideId "34698809"]
[EventCountry "GER"]
[EventRounds "7"]
[EventType "swiss"]
[EventDate "2024.05.21"]

1. e4 {[%clk 01:00:25]} {[%emt 00:00:06]} e5 {[%clk 01:00:27]} {[%emt
00:00:03]} 2. Nf3 {[%clk 01:00:15]} {[%emt 00:00:24]} Nc6 {[%clk 01:00:32]}
{[%emt 00:00:10]} 3. Bb5 {[%clk 00:59:52]} {[%emt 00:00:39]} Nf6 {[%clk
01:00:39]} {[%emt 00:00:08]} 4. O-O {[%clk 00:59:10]} {[%emt 00:00:58]} d6
{[%clk 01:00:39]} {[%emt 00:00:16]} 5. d4 {[%clk 00:57:43]} {[%emt 00:01:41]}
Bd7 {[%clk 01:00:42]} {[%emt 00:00:11]} 6. Bxc6 {[%clk 00:57:06]} {[%emt
00:00:53]} Bxc6 {[%clk 00:59:58]} {[%emt 00:00:53]} 7. d5 {[%clk 00:56:35]}
{[%emt 00:00:50]} Bd7 {[%emt 00:00:22]} 8. Bg5 {[%clk 00:56:14]} {[%emt
00:00:25]} Be7 {[%clk 01:00:10]} {[%emt 00:00:09]} 9. Nc3 {[%clk 00:55:41]}
{[%emt 00:00:48]} c6 {[%clk 01:00:05]} {[%emt 00:00:20]} 10. Qe2 {[%clk
00:54:58]} {[%emt 00:00:55]} O-O {[%clk 00:59:56]} {[%emt 00:00:25]} 11. Rad1
{[%clk 00:54:46]} {[%emt 00:00:26]} Qb6 {[%clk 00:59:58]} {[%emt 00:00:14]} 12.
b3 {[%clk 00:53:48]} {[%emt 00:01:14]} h6 {[%clk 00:59:56]} {[%emt 00:00:16]}
13. Bxf6 {[%clk 00:53:41]} {[%emt 00:00:23]} Bxf6 {[%clk 01:00:01]} {[%emt
00:00:10]} 14. dxc6 {[%clk 00:53:06]} {[%emt 00:00:50]} Qxc6 {[%clk 00:59:18]}
{[%emt 00:00:57]} 15. Nd5 {[%clk 00:52:58]} {[%emt 00:00:23]} Bd8 {[%clk
00:59:00]} {[%emt 00:00:32]} 16. Nb4 {[%clk 00:52:09]} {[%emt 00:01:06]} Qb6
{[%clk 00:57:12]} {[%emt 00:02:01]} 17. Qe1 {[%clk 00:51:43]} {[%emt 00:00:40]}
Be6 {[%clk 00:56:39]} {[%emt 00:00:48]} 18. Rd3 {[%clk 00:50:39]} {[%emt
00:01:20]} a5 {[%clk 00:56:21]} {[%emt 00:00:33]} 19. Nd5 {[%clk 00:50:20]}
{[%emt 00:00:34]} Bxd5 {[%clk 00:56:27]} {[%emt 00:00:09]} 20. Rxd5 {[%clk
00:50:16]} {[%emt 00:00:19]} Be7 {[%clk 00:56:14]} {[%emt 00:00:26]} 21. Qe3
{[%clk 00:49:56]} {[%emt 00:00:37]} Qxe3 {[%clk 00:55:31]} {[%emt 00:00:58]}
22. fxe3 {[%clk 00:49:47]} {[%emt 00:00:23]} f5 {[%clk 00:55:43]} {[%emt
00:00:04]} 23. exf5 {[%clk 00:49:17]} {[%emt 00:01:49]} Rxf5 {[%clk 00:55:51]}
{[%emt 00:00:06]} 24. e4 {[%clk 00:48:32]} {[%emt 00:01:00]} Rf4 {[%clk
00:55:50]} {[%emt 00:00:16]} 25. Nd2 {[%clk 00:47:53]} {[%emt 00:00:54]} g5
{[%clk 00:52:14]} {[%emt 00:03:49]} 26. g3 {[%clk 00:43:57]} {[%emt 00:04:12]}
Rf7 {[%clk 00:51:40]} {[%emt 00:00:49]} 27. Rxf7 {[%clk 00:43:39]} {[%emt
00:00:34]} Kxf7 {[%clk 00:51:46]} {[%emt 00:00:08]} 28. Rd3 {[%clk 00:42:43]}
{[%emt 00:01:12]} Ke6 {[%clk 00:51:01]} {[%emt 00:00:59]} 29. Kg2 {[%clk
00:42:11]} {[%emt 00:00:48]} b5 {[%clk 00:50:53]} {[%emt 00:00:24]} 30. a4
{[%clk 00:41:41]} {[%emt 00:00:44]} bxa4 {[%clk 00:50:50]} {[%emt 00:00:18]}
31. bxa4 {[%clk 00:41:06]} {[%emt 00:00:50]} Rc8 {[%clk 00:50:25]} {[%emt
00:00:39]} 32. c4 {[%clk 00:40:33]} {[%emt 00:00:49]} g4 {[%clk 00:49:36]}
{[%emt 00:01:04]} 33. Kf2 {[%clk 00:40:12]} {[%emt 00:00:36]} Bg5 {[%clk
00:49:44]} {[%emt 00:00:07]} 34. Ke2 {[%clk 00:39:11]} {[%emt 00:01:17]} Bxd2
{[%clk 00:49:42]} {[%emt 00:00:16]} 35. Kxd2 {[%clk 00:39:07]} {[%emt
00:00:20]} Rxc4 {[%clk 00:49:55]} {[%emt 00:00:01]} 36. Ra3 {[%clk 00:38:43]}
{[%emt 00:00:38]} Rxe4 {[%clk 00:50:07]} {[%emt 00:00:03]} 37. Kd3 {[%clk
00:37:53]} {[%emt 00:01:06]} d5 {[%clk 00:50:16]} {[%emt 00:00:05]} 38. Rc3
{[%clk 00:37:30]} {[%emt 00:00:39]} h5 {[%clk 00:50:09]} {[%emt 00:00:21]} 39.
Rc6+ {[%clk 00:37:31]} {[%emt 00:00:16]} Kf5 {[%clk 00:50:21]} {[%emt
00:00:02]} 40. Rc1 {[%clk 00:37:22]} {[%emt 00:00:24]} Kg5 {[%clk 00:49:48]}
{[%emt 00:00:47]} 41. Rc5 {[%clk 00:37:27]} {[%emt 00:00:09]} Rxa4 {[%clk
00:49:41]} {[%emt 00:00:24]} 42. Rxd5 {[%clk 00:37:24]} {[%emt 00:00:16]} Kf5
{[%clk 00:49:55]} 43. Rd8 {[%clk 00:35:46]} {[%emt 00:01:56]} Rd4+ {[%clk
00:49:38]} {[%emt 00:00:33]} 44. Rxd4 {[%clk 00:35:39]} {[%emt 00:00:21]} exd4
{[%clk 00:49:48]} {[%emt 00:00:05]} 45. Kxd4 {[%clk 00:35:36]} {[%emt
00:00:18]} a4 {[%clk 00:49:58]} {[%emt 00:00:07]} 46. Kc3 {[%clk 00:35:41]}
{[%emt 00:00:09]} Ke4 {[%clk 00:50:08]} {[%emt 00:00:05]} 47. Kb4 {[%clk
00:35:38]} {[%emt 00:00:19]} Kf3 {[%clk 00:50:16]} {[%emt 00:00:06]} 48. Kxa4
{[%clk 00:35:36]} {[%emt 00:00:17]} Kg2 {[%clk 00:50:27]} {[%emt 00:00:05]} 49.
Kb3 {[%clk 00:35:20]} {[%emt 00:00:31]} Kxh2 {[%clk 00:50:33]} {[%emt
00:00:08]} 50. Kc3 {[%clk 00:35:27]} {[%emt 00:00:09]} Kxg3 {[%clk 00:50:43]}
{[%emt 00:00:05]} 51. Kd3 {[%clk 00:35:31]} {[%emt 00:00:11]} Kf3 {[%emt
00:00:32]} 52. Kd2 {[%emt 00:00:04]} Kf2 {[%clk 00:51:06]} {[%emt 00:00:12]}
53. Kd3 {[%clk 00:35:40]} {[%emt 00:00:10]} g3 {[%clk 00:51:20]} {[%emt
00:00:01]} 54. Kd4 {[%emt 00:01:27]} 0-1

[Event "DEM U8 2024"]
[Site "Willingen GER"]
[Date "2024.05.23"]
[Round "4"]
[White "White, William"]
[Black "Ranganathan, Aadith"]
[Result "0-1"]
[Termination "normal"]
[Board "1"]
[WhiteElo "1330"]
[BlackElo "1666"]
[WhiteClock "00:00:16"]
[BlackClock "00:41:24"]
[PlyCount "58"]
[WhiteFideId "34669469"]
[BlackFideId "34667121"]
[EventCountry "GER"]
[EventRounds "7"]
[EventType "swiss"]
[EventDate "2024.05.21"]

1. e4 {[%clk 01:00:28]} {[%emt 00:00:02]} e5 {[%clk 01:00:10]} {[%emt
00:00:21]} 2. Nf3 {[%clk 00:59:49]} {[%emt 00:00:53]} Nc6 {[%clk 00:59:49]}
{[%emt 00:00:37]} 3. Bc4 {[%clk 00:58:17]} {[%emt 00:01:48]} Nf6 {[%clk
00:55:43]} {[%emt 00:04:20]} 4. Nc3 {[%clk 00:55:41]} {[%emt 00:02:51]} Nxe4
{[%clk 00:55:26]} {[%emt 00:00:31]} 5. Nxe4 {[%clk 00:55:42]} {[%emt 00:00:15]}
d5 {[%clk 00:55:33]} {[%emt 00:00:08]} 6. Bxd5 {[%clk 00:54:50]} {[%emt
00:01:07]} Qxd5 {[%clk 00:55:34]} {[%emt 00:00:13]} 7. Nc3 {[%clk 00:54:03]}
{[%emt 00:01:02]} Qd6 {[%clk 00:55:25]} {[%emt 00:00:21]} 8. h3 {[%clk
00:52:05]} {[%emt 00:02:16]} Bf5 {[%clk 00:53:09]} {[%emt 00:02:22]} 9. O-O
{[%clk 00:50:00]} {[%emt 00:02:31]} O-O-O {[%clk 00:50:28]} {[%emt 00:02:55]}
10. d3 {[%clk 00:44:38]} {[%emt 00:05:36]} f6 {[%clk 00:50:01]} {[%emt
00:00:42]} 11. Be3 {[%clk 00:39:24]} {[%emt 00:05:29]} Kb8 {[%clk 00:49:17]}
{[%emt 00:00:55]} 12. Ne2 {[%clk 00:20:38]} {[%emt 00:19:04]} g5 {[%clk
00:49:02]} {[%emt 00:00:32]} 13. Ng3 {[%clk 00:18:37]} {[%emt 00:02:16]} Bg6
{[%clk 00:48:13]} {[%emt 00:01:03]} 14. Nd2 {[%clk 00:10:50]} {[%emt 00:08:02]}
h5 {[%clk 00:46:44]} {[%emt 00:01:44]} 15. Qf3 {[%clk 00:07:48]} {[%emt
00:03:17]} Be7 {[%clk 00:46:08]} {[%emt 00:00:48]} 16. Nf5 {[%clk 00:04:48]}
{[%emt 00:03:19]} Bxf5 {[%clk 00:46:06]} {[%emt 00:00:17]} 17. Qxf5 {[%clk
00:04:41]} {[%emt 00:00:21]} Rdg8 {[%clk 00:45:27]} {[%emt 00:00:53]} 18. Ne4
{[%clk 00:03:25]} {[%emt 00:01:31]} Qd8 {[%clk 00:45:26]} {[%emt 00:00:15]} 19.
Rfe1 {[%clk 00:02:03]} {[%emt 00:01:40]} g4 {[%clk 00:44:56]} {[%emt 00:00:27]}
20. hxg4 {[%clk 00:02:08]} {[%emt 00:00:26]} Rxg4 {[%clk 00:44:40]} {[%emt
00:00:30]} 21. Kh1 {[%clk 00:00:57]} {[%emt 00:01:27]} Rhg8 {[%clk 00:44:35]}
{[%emt 00:00:20]} 22. Rg1 {[%clk 00:00:46]} {[%emt 00:00:26]} Rh4+ {[%clk
00:44:43]} {[%emt 00:00:07]} 23. Qh3 {[%clk 00:00:29]} {[%emt 00:00:32]} Rxh3+
{[%clk 00:44:39]} {[%emt 00:00:19]} 24. gxh3 {[%clk 00:00:43]} {[%emt
00:00:01]} Rxg1+ {[%emt 00:01:01]} 25. Rxg1 {[%clk 00:00:38]} {[%emt 00:00:17]}
f5 {[%clk 00:42:19]} {[%emt 00:01:53]} 26. Ng5 {[%clk 00:00:26]} {[%emt
00:00:26]} f4 {[%clk 00:41:23]} {[%emt 00:01:12]} 27. Ne6 {[%clk 00:00:17]}
{[%emt 00:00:23]} Qd5+ {[%clk 00:41:16]} {[%emt 00:00:22]} 28. Kh2 {[%clk
00:00:18]} {[%emt 00:00:13]} Qxe6 {[%clk 00:41:22]} {[%emt 00:00:10]} 29. Bd2
{[%clk 00:00:16]} {[%emt 00:00:18]} Nd4 {[%clk 00:41:24]} {[%emt 00:00:12]} 0-1

[Event "DEM U8 2024"]
[Site "Willingen GER"]
[Date "2024.05.23"]
[Round "4"]
[White "Mudriievskyi, Jan"]
[Black "Tomovski, Leon"]
[Result "1/2-1/2"]
[Termination "normal"]
[Board "2"]
[WhiteElo "1672"]
[BlackElo "1297"]
[WhiteClock "00:30:45"]
[BlackClock "00:36:39"]
[PlyCount "138"]
[WhiteFideId "34676473"]
[BlackFideId "34691790"]
[EventCountry "GER"]
[EventRounds "7"]
[EventType "swiss"]
[EventDate "2024.05.21"]

1. e4 {[%clk 01:00:28]} e6 {[%clk 01:00:25]} {[%emt 00:00:06]} 2. d4 {[%clk
01:00:36]} {[%emt 00:00:07]} d5 {[%clk 01:00:36]} {[%emt 00:00:05]} 3. exd5
{[%clk 01:00:45]} {[%emt 00:00:06]} exd5 {[%clk 01:00:42]} {[%emt 00:00:09]} 4.
c4 {[%clk 01:00:54]} {[%emt 00:00:05]} Nf6 {[%clk 01:00:37]} {[%emt 00:00:19]}
5. Nc3 {[%clk 01:00:59]} {[%emt 00:00:09]} Bb4 {[%clk 01:00:39]} {[%emt
00:00:13]} 6. Nf3 {[%clk 01:01:00]} {[%emt 00:00:15]} O-O {[%clk 01:00:41]}
{[%emt 00:00:13]} 7. Be2 {[%clk 01:01:09]} {[%emt 00:00:07]} Ne4 {[%clk
01:00:25]} {[%emt 00:00:30]} 8. Bd2 {[%clk 01:00:36]} {[%emt 00:00:48]} Nxd2
{[%clk 01:00:23]} {[%emt 00:00:16]} 9. Qxd2 {[%clk 01:00:41]} {[%emt 00:00:09]}
Nc6 {[%clk 01:00:17]} {[%emt 00:00:23]} 10. O-O {[%clk 01:00:45]} {[%emt
00:00:10]} Re8 {[%clk 00:58:56]} {[%emt 00:01:36]} 11. a3 {[%clk 01:00:46]}
{[%emt 00:00:14]} Bf8 {[%clk 00:58:24]} {[%emt 00:00:46]} 12. Nxd5 {[%clk
01:00:39]} {[%emt 00:00:22]} Be6 {[%clk 00:56:44]} {[%emt 00:01:55]} 13. Nc3
{[%clk 01:00:38]} {[%emt 00:00:16]} Na5 {[%clk 00:54:39]} {[%emt 00:02:21]} 14.
Qc2 {[%clk 00:59:00]} {[%emt 00:01:53]} Nxc4 {[%clk 00:53:45]} {[%emt
00:01:08]} 15. d5 {[%clk 00:57:51]} {[%emt 00:01:24]} Bxd5 {[%clk 00:51:15]}
{[%emt 00:02:45]} 16. Nxd5 {[%clk 00:57:21]} {[%emt 00:00:45]} Qxd5 {[%clk
00:49:40]} {[%emt 00:01:49]} 17. Qxc4 {[%clk 00:56:41]} {[%emt 00:00:56]} Qd7
{[%clk 00:49:08]} {[%emt 00:00:48]} 18. Rad1 {[%clk 00:56:26]} {[%emt
00:00:29]} Qf5 {[%clk 00:48:59]} {[%emt 00:00:24]} 19. Bd3 {[%clk 00:56:09]}
{[%emt 00:00:32]} Qh5 {[%clk 00:48:38]} {[%emt 00:00:37]} 20. Rfe1 {[%clk
00:56:04]} {[%emt 00:00:19]} Bd6 {[%clk 00:48:13]} {[%emt 00:00:41]} 21. Qb5
{[%clk 00:55:32]} {[%emt 00:00:46]} Qxb5 {[%clk 00:47:25]} {[%emt 00:01:04]}
22. Bxb5 {[%clk 00:55:15]} {[%emt 00:00:31]} Rxe1+ {[%clk 00:47:24]} {[%emt
00:00:15]} 23. Rxe1 {[%clk 00:55:21]} {[%emt 00:00:09]} c6 {[%clk 00:47:26]}
{[%emt 00:00:15]} 24. Bc4 {[%clk 00:55:25]} {[%emt 00:00:10]} h6 {[%clk
00:47:02]} {[%emt 00:00:39]} 25. g3 {[%clk 00:54:56]} {[%emt 00:00:45]} b5
{[%clk 00:46:44]} {[%emt 00:00:33]} 26. Bb3 {[%clk 00:55:01]} {[%emt 00:00:09]}
c5 {[%clk 00:46:29]} {[%emt 00:00:30]} 27. Bd5 {[%clk 00:54:26]} {[%emt
00:00:50]} Rd8 {[%clk 00:46:23]} {[%emt 00:00:22]} 28. Nd2 {[%clk 00:53:23]}
{[%emt 00:01:18]} Bb8 {[%clk 00:46:06]} {[%emt 00:00:32]} 29. Nf3 {[%clk
00:52:59]} {[%emt 00:00:39]} b4 {[%clk 00:45:26]} {[%emt 00:00:56]} 30. axb4
{[%clk 00:52:20]} {[%emt 00:00:54]} cxb4 {[%clk 00:45:26]} {[%emt 00:00:15]}
31. Ba2 {[%clk 00:52:08]} {[%emt 00:00:28]} a5 {[%clk 00:44:30]} {[%emt
00:01:12]} 32. Ne5 {[%clk 00:50:28]} {[%emt 00:01:55]} Bxe5 {[%clk 00:43:58]}
{[%emt 00:00:47]} 33. Rxe5 {[%clk 00:50:19]} {[%emt 00:00:23]} a4 {[%clk
00:44:10]} {[%emt 00:00:04]} 34. Bc4 {[%clk 00:46:13]} {[%emt 00:04:20]} Rd2
{[%clk 00:42:51]} {[%emt 00:01:34]} 35. Ra5 {[%clk 00:43:27]} {[%emt 00:03:02]}
Rxb2 {[%clk 00:42:27]} {[%emt 00:00:37]} 36. Rxa4 {[%clk 00:43:28]} {[%emt
00:00:15]} Kf8 {[%clk 00:42:16]} {[%emt 00:00:25]} 37. Ra7 {[%clk 00:42:50]}
{[%emt 00:00:54]} f6 {[%clk 00:41:47]} {[%emt 00:00:45]} 38. Rf7+ {[%clk
00:41:14]} {[%emt 00:01:50]} Kg8 {[%clk 00:39:45]} {[%emt 00:02:17]} 39. Rxf6+
{[%clk 00:41:04]} {[%emt 00:00:25]} Kh8 {[%clk 00:39:48]} {[%emt 00:00:12]} 40.
Rb6 {[%clk 00:40:49]} {[%emt 00:00:30]} h5 {[%clk 00:38:40]} {[%emt 00:01:23]}
41. Bd3 {[%clk 00:40:28]} {[%emt 00:00:34]} g5 {[%clk 00:38:39]} {[%emt
00:00:17]} 42. Rb5 {[%clk 00:38:41]} {[%emt 00:02:02]} h4 {[%clk 00:38:23]}
{[%emt 00:00:31]} 43. Rxg5 {[%clk 00:38:29]} {[%emt 00:00:28]} hxg3 {[%clk
00:38:26]} {[%emt 00:00:12]} 44. hxg3 {[%clk 00:38:34]} {[%emt 00:00:09]} b3
{[%clk 00:38:05]} {[%emt 00:00:36]} 45. Rb5 {[%clk 00:38:13]} {[%emt 00:00:36]}
Rd2 {[%clk 00:37:55]} {[%emt 00:00:25]} 46. Rxb3 {[%clk 00:38:16]} {[%emt
00:00:12]} Rd1+ {[%clk 00:37:27]} {[%emt 00:00:43]} 47. Kg2 {[%clk 00:38:23]}
{[%emt 00:00:09]} Ra1 {[%clk 00:37:35]} {[%emt 00:00:08]} 48. g4 {[%clk
00:38:05]} {[%emt 00:00:32]} Ra4 {[%clk 00:37:35]} {[%emt 00:00:17]} 49. f3
{[%clk 00:38:03]} {[%emt 00:00:17]} Kg7 {[%clk 00:37:37]} {[%emt 00:00:12]} 50.
Kg3 {[%clk 00:38:03]} {[%emt 00:00:16]} Kf6 {[%clk 00:37:44]} {[%emt 00:00:08]}
51. f4 {[%clk 00:37:48]} {[%emt 00:00:29]} Kg7 {[%clk 00:37:51]} {[%emt
00:00:08]} 52. g5 {[%clk 00:37:49]} {[%emt 00:00:14]} Rd4 {[%clk 00:37:56]}
{[%emt 00:00:10]} 53. Rb7+ {[%clk 00:37:30]} {[%emt 00:00:34]} Kf8 {[%clk
00:37:58]} {[%emt 00:00:11]} 54. Bf5 {[%emt 00:01:21]} Rd6 {[%clk 00:37:53]}
55. g6 {[%clk 00:36:13]} {[%emt 00:00:49]} Rf6 {[%clk 00:37:28]} {[%emt
00:00:39]} 56. g7+ {[%clk 00:34:35]} {[%emt 00:01:52]} Kg8 {[%clk 00:37:26]}
{[%emt 00:00:15]} 57. Kg4 {[%clk 00:34:37]} {[%emt 00:00:17]} Rg6+ {[%clk
00:37:29]} {[%emt 00:00:11]} 58. Kh5 {[%clk 00:34:11]} {[%emt 00:00:40]} Rh6+
{[%clk 00:37:24]} {[%emt 00:00:21]} 59. Kg4 {[%clk 00:34:05]} {[%emt 00:00:21]}
Rg6+ {[%clk 00:37:24]} {[%emt 00:00:16]} 60. Kf3 {[%clk 00:33:39]} {[%emt
00:00:40]} Rg3+ {[%clk 00:37:29]} {[%emt 00:00:10]} 61. Ke4 {[%clk 00:33:49]}
{[%emt 00:00:05]} Re3+ {[%clk 00:36:49]} {[%emt 00:00:55]} 62. Kd4 {[%clk
00:33:19]} {[%emt 00:00:45]} Re4+ {[%clk 00:36:56]} {[%emt 00:00:09]} 63. Kc3
{[%clk 00:32:59]} {[%emt 00:00:32]} Rc4+ {[%clk 00:36:46]} {[%emt 00:00:26]}
64. Kb3 {[%clk 00:32:59]} {[%emt 00:00:16]} Rc3+ {[%clk 00:36:51]} {[%emt
00:00:10]} 65. Ka4 {[%clk 00:31:48]} {[%emt 00:01:25]} Ra3+ {[%clk 00:36:47]}
{[%emt 00:00:19]} 66. Kb5 {[%clk 00:31:42]} {[%emt 00:00:21]} Ra5+ {[%clk
00:36:40]} {[%emt 00:00:23]} 67. Kb6 {[%clk 00:31:23]} {[%emt 00:00:33]} Rxf5
{[%clk 00:36:33]} {[%emt 00:00:23]} 68. Kc6 {[%clk 00:31:07]} {[%emt 00:00:32]}
Rxf4 {[%clk 00:36:31]} {[%emt 00:00:15]} 69. Kd6 {[%clk 00:30:45]} {[%emt
00:00:36]} Rf7 {[%clk 00:36:39]} {[%emt 00:00:07]} 1/2-1/2

[Event "DEM U8 2024"]
[Site "Willingen GER"]
[Date "2024.05.23"]
[Round "4"]
[White "Besou, Jad"]
[Black "von Gehlen, Elian"]
[Result "1/2-1/2"]
[Termination "normal"]
[Board "3"]
[WhiteElo "1679"]
[BlackElo "1494"]
[WhiteClock "00:02:17"]
[BlackClock "00:43:20"]
[PlyCount "124"]
[WhiteFideId "34631348"]
[BlackFideId "34651560"]
[EventCountry "GER"]
[EventRounds "7"]
[EventType "swiss"]
[EventDate "2024.05.21"]

1. e4 {[%clk 01:00:28]} {[%emt 00:00:02]} c6 {[%clk 01:00:14]} {[%emt
00:00:15]} 2. d4 {[%clk 01:00:34]} {[%emt 00:00:09]} d5 {[%clk 01:00:18]}
{[%emt 00:00:11]} 3. exd5 {[%clk 01:00:37]} {[%emt 00:00:10]} cxd5 {[%clk
01:00:21]} {[%emt 00:00:13]} 4. Nf3 {[%clk 01:00:33]} {[%emt 00:00:18]} Nc6
{[%clk 01:00:20]} {[%emt 00:00:17]} 5. Nc3 {[%clk 01:00:09]} {[%emt 00:00:39]}
Bg4 {[%clk 01:00:24]} {[%emt 00:00:11]} 6. Be3 {[%clk 00:59:03]} {[%emt
00:01:22]} e6 {[%clk 00:59:49]} {[%emt 00:00:50]} 7. Be2 {[%clk 00:58:36]}
{[%emt 00:00:40]} Bd6 {[%clk 00:59:17]} {[%emt 00:00:47]} 8. O-O {[%clk
00:58:19]} {[%emt 00:00:32]} Nf6 {[%clk 00:58:50]} {[%emt 00:00:43]} 9. Nb5
{[%clk 00:54:34]} {[%emt 00:04:00]} Bb8 {[%clk 00:58:32]} {[%emt 00:00:33]} 10.
c4 {[%clk 00:51:18]} {[%emt 00:03:30]} a6 {[%clk 00:58:22]} {[%emt 00:00:26]}
11. Nc3 {[%clk 00:51:07]} {[%emt 00:00:27]} O-O {[%clk 00:58:13]} {[%emt
00:00:23]} 12. h3 {[%clk 00:50:38]} {[%emt 00:00:43]} Bh5 {[%clk 00:58:00]}
{[%emt 00:00:27]} 13. Re1 {[%clk 00:49:13]} {[%emt 00:01:41]} Qd6 {[%clk
00:57:53]} {[%emt 00:00:20]} 14. cxd5 {[%clk 00:43:55]} {[%emt 00:05:36]} exd5
{[%clk 00:57:36]} {[%emt 00:00:32]} 15. g3 {[%clk 00:42:11]} {[%emt 00:01:59]}
Bc7 {[%clk 00:56:39]} {[%emt 00:01:13]} 16. Kg2 {[%clk 00:32:25]} {[%emt
00:10:00]} Rfe8 {[%clk 00:55:28]} {[%emt 00:01:27]} 17. a3 {[%clk 00:31:40]}
{[%emt 00:01:00]} Rxe3 {[%clk 00:55:32]} {[%emt 00:00:11]} 18. fxe3 {[%clk
00:17:14]} {[%emt 00:14:40]} Qxg3+ {[%clk 00:55:34]} {[%emt 00:00:13]} 19. Kf1
{[%clk 00:17:12]} {[%emt 00:00:17]} Qxh3+ {[%clk 00:55:36]} {[%emt 00:00:14]}
20. Kg1 {[%clk 00:16:46]} {[%emt 00:00:40]} Bxf3 {[%clk 00:55:35]} {[%emt
00:00:16]} 21. Bxf3 {[%clk 00:16:31]} {[%emt 00:00:29]} Bh2+ {[%clk 00:54:46]}
{[%emt 00:01:05]} 22. Kf2 {[%clk 00:16:23]} {[%emt 00:00:22]} Bg3+ {[%clk
00:54:46]} {[%emt 00:00:17]} 23. Ke2 {[%clk 00:16:24]} {[%emt 00:00:13]} Qh2+
{[%clk 00:54:33]} {[%emt 00:00:29]} 24. Kd3 {[%clk 00:16:03]} {[%emt 00:00:36]}
Bxe1 {[%clk 00:54:30]} {[%emt 00:00:17]} 25. Qxe1 {[%clk 00:16:04]} {[%emt
00:00:14]} Qxb2 {[%clk 00:53:48]} {[%emt 00:00:57]} 26. Qh1 {[%clk 00:07:34]}
{[%emt 00:08:43]} Rd8 {[%clk 00:53:28]} {[%emt 00:00:35]} 27. Qd1 {[%clk
00:05:55]} {[%emt 00:01:56]} Qb6 {[%clk 00:52:32]} {[%emt 00:01:10]} 28. Ra2
{[%emt 00:02:08]} Re8 {[%clk 00:51:52]} {[%emt 00:00:05]} 29. Rg2 {[%clk
00:04:23]} {[%emt 00:00:46]} Qd8 {[%clk 00:51:09]} {[%emt 00:00:50]} 30. Qg1
{[%clk 00:04:29]} {[%emt 00:00:17]} g6 {[%clk 00:51:06]} {[%emt 00:00:18]} 31.
Re2 {[%clk 00:04:30]} {[%emt 00:00:13]} Qd7 {[%clk 00:50:35]} {[%emt 00:00:44]}
32. Qg2 {[%clk 00:04:12]} {[%emt 00:00:35]} Qf5+ {[%clk 00:49:27]} {[%emt
00:01:25]} 33. Kd2 {[%clk 00:04:14]} {[%emt 00:00:10]} h6 {[%clk 00:48:42]}
{[%emt 00:01:01]} 34. Bxd5 {[%clk 00:03:24]} {[%emt 00:01:06]} Nxd5 {[%clk
00:48:38]} {[%emt 00:00:18]} 35. Qxd5 {[%clk 00:03:26]} {[%emt 00:00:14]} Qxd5
{[%clk 00:47:58]} {[%emt 00:00:55]} 36. Nxd5 {[%clk 00:03:37]} {[%emt
00:00:04]} Rd8 {[%clk 00:47:37]} {[%emt 00:00:35]} 37. Nc3 {[%clk 00:03:21]}
{[%emt 00:00:31]} Kg7 {[%clk 00:47:31]} {[%emt 00:00:21]} 38. Rf2 {[%clk
00:03:20]} {[%emt 00:00:17]} Ne5 {[%clk 00:47:20]} {[%emt 00:00:22]} 39. Ke2
{[%clk 00:03:05]} {[%emt 00:00:29]} Nc4 {[%clk 00:47:12]} {[%emt 00:00:28]} 40.
a4 {[%clk 00:03:12]} {[%emt 00:00:07]} f5 {[%clk 00:47:19]} {[%emt 00:00:08]}
41. Rf4 {[%clk 00:03:06]} {[%emt 00:00:20]} Nd6 {[%clk 00:47:08]} {[%emt
00:00:27]} 42. Kd3 {[%clk 00:03:05]} {[%emt 00:00:14]} Kf6 {[%clk 00:47:07]}
{[%emt 00:00:17]} 43. Nd5+ {[%clk 00:02:51]} {[%emt 00:00:30]} Ke6 {[%clk
00:47:07]} {[%emt 00:00:14]} 44. Nc3 {[%clk 00:02:53]} {[%emt 00:00:15]} g5
{[%clk 00:47:02]} {[%emt 00:00:20]} 45. Rf2 {[%clk 00:03:02]} {[%emt 00:00:05]}
b5 {[%clk 00:46:43]} {[%emt 00:00:33]} 46. axb5 {[%clk 00:03:04]} {[%emt
00:00:15]} Nxb5 {[%clk 00:46:43]} {[%emt 00:00:15]} 47. Na4 {[%clk 00:02:50]}
{[%emt 00:00:29]} f4 {[%clk 00:46:19]} {[%emt 00:00:39]} 48. Nc5+ {[%clk
00:02:33]} {[%emt 00:00:33]} Ke7 {[%clk 00:46:14]} {[%emt 00:00:18]} 49. Nxa6
{[%clk 00:02:34]} {[%emt 00:00:14]} fxe3 {[%clk 00:46:16]} {[%emt 00:00:14]}
50. Kxe3 {[%clk 00:02:46]} {[%emt 00:00:02]} Nxd4 {[%clk 00:45:51]} {[%emt
00:00:41]} 51. Ke4 {[%clk 00:02:55]} {[%emt 00:00:05]} Ne6 {[%clk 00:45:38]}
{[%emt 00:00:27]} 52. Rh2 {[%clk 00:02:48]} {[%emt 00:00:23]} Rd4+ {[%clk
00:44:59]} {[%emt 00:00:55]} 53. Kf5 {[%clk 00:02:33]} {[%emt 00:00:24]} Rf4+
{[%clk 00:43:59]} {[%emt 00:01:21]} 54. Ke5 {[%clk 00:02:30]} {[%emt 00:00:15]}
Rh4 {[%clk 00:43:32]} {[%emt 00:00:45]} 55. Rxh4 {[%clk 00:02:00]} {[%emt
00:00:46]} gxh4 {[%clk 00:43:39]} {[%emt 00:00:07]} 56. Ke4 {[%clk 00:02:05]}
{[%emt 00:00:09]} h3 {[%clk 00:43:44]} {[%emt 00:00:11]} 57. Kf3 {[%clk
00:02:16]} {[%emt 00:00:03]} Ng5+ {[%clk 00:43:52]} {[%emt 00:00:07]} 58. Kg3
{[%clk 00:02:29]} {[%emt 00:00:02]} Kf6 {[%clk 00:43:43]} {[%emt 00:00:24]} 59.
Nb4 {[%clk 00:02:29]} {[%emt 00:00:14]} Kf5 {[%clk 00:43:49]} {[%emt 00:00:09]}
60. Kh2 {[%clk 00:02:36]} {[%emt 00:00:09]} Kg4 {[%clk 00:43:50]} {[%emt
00:00:14]} 61. Nd3 {[%clk 00:02:25]} {[%emt 00:00:25]} Kf3 {[%clk 00:43:23]}
{[%emt 00:00:42]} 62. Ne5+ {[%clk 00:02:17]} {[%emt 00:00:24]} Kf2 {[%clk
00:43:20]} {[%emt 00:00:18]} 1/2-1/2